[Event "DSOL 02 Liga Gr-C 1st"]
[Site "Playchess.com INT"]
[Date "2020.07.17"]
[Round "4.3"]
[White "Schneider, Jens Erik"]
[Black "Helmsdorf, Marius"]
[Result "1/2-1/2"]
[WhiteElo "1936"]
[BlackElo "1592"]
[PlyCount "66"]
[EventDate "2020.06.22"]
[EventType "team-tourn (rapid)"]
[EventCountry "GER"]
[SourceTitle "EXT 2021"]
[Source "ChessBase"]
[SourceDate "2020.10.23"]
[SourceVersion "1"]
[SourceVersionDate "2020.10.23"]
[SourceQuality "1"]
[WhiteTeam "Dessau"]
[BlackTeam "Gera"]
[WhiteTeamCountry "GER"]
[BlackTeamCountry "GER"]

1. d4 d5 2. c4 c6 3. Nc3 Nf6 4. e3 e6 5. Bd2 Bd6 6. c5 Bc7 7. f4 Ne4 8. Nxe4 dxe4 9. Ne2 Nd7 10. Nc3 f5 11. Be2 Nf6 12. 0-0 0-0 13. Kh1 Bd7 14. a3 a5 15. b4 axb4 16. axb4 Nd5 17. Qb3 b5 18. Rxa8 Qxa8 19. g4 g6 20. Qb2 Qb7 21. gxf5 gxf5 22. Rg1+ Kh8 23. Bd1 Rg8 24. Rxg8+ Kxg8 25. Nxd5 exd5 26. Be1 Bd8 27. Qg2+ Kh8 28. Bh5 Qa8 29. Bf7 Bf6 30. Qh3 Qa1 31. Qg3 Qa8 32. Qh3 Qa1 33. Qg3 Qa8 1/2-1/2

[Event "GER-chT U16"]
[Site "Magdeburg"]
[Date "2019.12.29"]
[Round "5.8"]
[White "Helmsdorf, Marius"]
[Black "Brueckner, Alexander"]
[Result "0-1"]
[WhiteElo "1574"]
[BlackElo "1876"]
[PlyCount "48"]
[EventDate "2019.12.27"]
[EventType "team-swiss"]
[EventRounds "7"]
[EventCountry "GER"]
[SourceTitle "CBM 194 Extra"]
[Source "ChessBase"]
[SourceDate "2020.03.31"]
[SourceVersion "1"]
[SourceVersionDate "2020.03.31"]
[SourceQuality "1"]
[WhiteTeam "Gera"]
[BlackTeam "Augsburg"]
[WhiteTeamCountry "GER"]
[BlackTeamCountry "GER"]

1. c4 e5 2. g3 Nc6 3. Bg2 d6 4. Nc3 Be6 5. d3 Qd7 6. Nf3 Bh3 7. 0-0 h5 8. Re1 h4 9. Bh1 hxg3 10. fxg3 Bg4 11. Nd5 Nd8 12. a3 c6 13. Nc3 Ne6 14. Ng5 Nxg5 15. Bxg5 d5 16. b4 Qf5 17. Bd2 d4 18. Ne4 Qh5 19. h4 f5 20. Nf2 Be7 21. Bxc6+ bxc6 22. Kg2 g5 23. Qa4 Rc8 24. Bxg5 Bxg5 0-1

[Event "GER-chT U14"]
[Site "Magdeburg"]
[Date "2018.12.27"]
[Round "2.4"]
[White "Heutling, Elina"]
[Black "Helmsdorf, Marius"]
[Result "1-0"]
[WhiteElo "1742"]
[BlackElo "1533"]
[PlyCount "57"]
[EventDate "2018.12.27"]
[EventType "team-swiss"]
[EventRounds "7"]
[EventCountry "GER"]
[SourceTitle "CBM 188 Extra"]
[Source "ChessBase"]
[SourceDate "2019.02.26"]
[SourceVersion "1"]
[SourceVersionDate "2019.02.26"]
[SourceQuality "1"]
[WhiteTeam "Magdeburg Schachzwerge"]
[BlackTeam "Gera"]
[WhiteTeamCountry "GER"]
[BlackTeamCountry "GER"]

1. e4 c5 2. Nf3 Nc6 3. d4 cxd4 4. Nxd4 g6 5. c4 Bg7 6. Be3 Qa5+ 7. Nc3 d6 8. Be2 Nf6 9. 0-0 0-0 10. a3 Nxd4 11. Bxd4 Bd7 12. b4 Qc7 13. Rc1 b6 14. f4 Bc6 15. Bf3 Nd7 16. Be3 e5 17. f5 Nf6 18. g4 h6 19. Qd2 Kh7 20. g5 hxg5 21. Bxg5 Rh8 22. Bg2 Qe7 23. Rf3 gxf5 24. Rxf5 Kg6 25. Rcf1 Rh5 26. Bxf6 Bxf6 27. Rxf6+ Qxf6 28. Rxf6+ Kxf6 29. Qxd6+ 1-0

[Event "GER-chT U12"]
[Site "Magdeburg"]
[Date "2016.12.29"]
[Round "6.4"]
[White "Helmsdorf, Marius"]
[Black "Rose, Noah"]
[Result "1-0"]
[WhiteElo "1301"]
[BlackElo "1359"]
[PlyCount "93"]
[EventDate "2016.12.27"]
[EventType "team-swiss"]
[EventRounds "7"]
[EventCountry "GER"]
[SourceTitle "EXT 2018"]
[Source "ChessBase"]
[SourceDate "2017.10.13"]
[SourceVersion "1"]
[SourceVersionDate "2017.10.13"]
[SourceQuality "1"]
[WhiteTeam "Gera"]
[BlackTeam "Leipzig Gruen Weiss"]
[WhiteTeamCountry "GER"]
[BlackTeamCountry "GER"]

1. d4 Nf6 2. c4 g6 3. Nc3 Bg7 4. e4 d6 5. Be2 0-0 6. Nf3 Nbd7 7. 0-0 e5 8. dxe5 dxe5 9. Be3 c6 10. h3 Qe7 11. Qc2 Nc5 12. Rfd1 Nfd7 13. Rd2 Nb6 14. Rad1 Be6 15. b3 f5 16. Bg5 Qf7 17. Be3 Nxe4 18. Nxe4 fxe4 19. Ng5 Qe7 20. Nxe6 Qxe6 21. c5 Nd5 22. Bc4 Kh8 23. Bxd5 cxd5 24. Rxd5 Qf5 25. Rd7 Rf7 26. Rxf7 Qxf7 27. Qxe4 Qc7 28. Rd5 Rc8 29. b4 Qc6 30. Qd3 Qe8 31. Bg5 h6 32. Rd8 Rxd8 33. Qxd8 Qxd8 34. Bxd8 Kg8 35. Kf1 Kf7 36. Ke2 Ke6 37. Ba5 Bf8 38. Kd3 b6 39. cxb6 axb6 40. Bxb6 Bxb4 41. Ke4 Ba3 42. Bc7 Bc5 43. f3 Bd4 44. a4 g5 45. a5 Ba7 46. Bb6 Bxb6 47. axb6 1-0

[Event "GER-chT U12"]
[Site "Magdeburg"]
[Date "2015.12.28"]
[Round "4.4"]
[White "Schauties, Nico Antonio"]
[Black "Helmsdorf, Marius"]
[Result "1-0"]
[WhiteElo "1332"]
[BlackElo "1220"]
[PlyCount "101"]
[EventDate "2015.12.27"]
[EventType "team-swiss"]
[EventRounds "7"]
[EventCountry "GER"]
[SourceTitle "EXT 2017"]
[Source "ChessBase"]
[SourceDate "2016.10.25"]
[SourceVersion "1"]
[SourceVersionDate "2016.10.25"]
[SourceQuality "1"]
[WhiteTeam "Berlin Mattnetz"]
[BlackTeam "Gera"]
[WhiteTeamCountry "GER"]
[BlackTeamCountry "GER"]

1. d4 d5 2. c4 e6 3. Nc3 Nf6 4. Nf3 Nbd7 5. Bf4 b6 6. e3 Bb7 7. Bd3 Bb4 8. 0-0 0-0 9. Rc1 c5 10. a3 Bxc3 11. bxc3 Qe7 12. Qc2 Rfe8 13. Ne5 Rac8 14. Bg5 h6 15. Bh4 Qd6 16. Bg3 Qe7 17. cxd5 exd5 18. Bf5 Red8 19. Qa4 Ra8 20. Bh4 Qd6 21. Nxd7 Nxd7 22. Bxd8 Rxd8 23. Bxd7 Rxd7 24. Rb1 Bc6 25. Qc2 Rc7 26. Rfc1 cxd4 27. cxd4 Qxa3 28. Rb3 Qd6 29. Rc3 Rd7 30. Rxc6 Qe7 31. Rc8+ Rd8 32. Rxd8+ Qxd8 33. Qc8 Qxc8 34. Rxc8+ Kh7 35. Rc7 a5 36. Rxf7 b5 37. Ra7 a4 38. Ra5 Kg6 39. Rxb5 a3 40. Rxd5 a2 41. Ra5 a1N 42. d5 Kf6 43. Rxa1 Ke5 44. e4 g5 45. Ra6 h5 46. d6 Kxe4 47. d7 g4 48. d8Q g3 49. Re6+ Kf5 50. Qf6+ Kg4 51. Re4# 1-0